000
00287nam a22001217a 4500
082
_a
391.413
_b
NEA
100
_a
Neame, P
_9
50126
245
_a
Notes on footgear hill shooting/
260
_c
c1930
526
_a
0
_b
0
_c
0
_d
391_413000000000000_NEA
650
_a
MCE
_9
379
942
_2
ddc
_c
BK
999
_c
552865
_d
552865